000 00671nam a2200241 a 4500
001 BRCA_5805
005 20190320205223.0
008 100311s194u----fr-a######---#000-0#fre-#
041 _afre
044 _afr
050 4 _aND661
_b.F54 1 1940
100 1 _aFierens, Paul
_d1895-
_914708
245 1 0 _aPeinture flamande
_cPaul Fierens.
260 _aParís
_bBraun
_c[1940]
300 _a1 v. (sin paginación)
_bil., 60 láminas
_c16 cm.
440 0 _aCollection ´Les Maitres´
_914709
500 _aVer también G17 (v.2)
500 _aG16
505 0 _aContenido: v.1. Des origines a 1550
650 1 4 _aPintura flamenca
_914710
902 _aGFM
942 _2lcc
_cB
999 _c5494
_d5494